000 00287nam a22001337a 4500
008 180227b xxu||||| |||| 00| 0 eng d
020 _a9781419599552
041 _aeng
080 _a610.73
100 _a1
101 _aINF
245 _aMath for nurses
_cStassi,M.E
942 _2udc
_cBK
999 _c43610
_d43610